000
00433nam a2200145Ia 4500
008
100204s9999 xx 000 0 und d
082
_b
12281
100
_a
शिरोडकर रजनी
245
_a
मंजुळा
260
_b
बांदोडकर पब्लिशिंग हाऊस गोवा
_c
1989
300
_a
173
630
_a
मंजुळा
730
_a
मंजुळा
942
_c
BOOK
999
_c
456714
_d
456711